[Event "45th FIDE Chess Olympiad Open"]
[Site "Budapest, Hungary"]
[Date "2024.09.12"]
[Round "2"]
[White "Li, Yiheng"]
[Black "Henry Marwa Michael"]
[Result "1-0"]
[WhiteElo "1893"]
[BlackElo "1715"]
[PlyCount "61"]
[EventDate "2024.??.??"]
[WhiteTeam "Hong Kong, China"]
[BlackTeam "Tanzania"]
[BlackTeamCountry "TAN"]
[WhiteClock "1:13:07"]
[BlackClock "0:30:32"]

1. e4 e5 2. Nf3 Nc6 3. Bc4 Bc5 4. c3 d6 5. d4 Bb6 6. dxe5 Na5 ({RR} 6... Qe7 7. exd6 Qxe4+ 8. Qe2 Qxe2+ 9. Bxe2 cxd6 10. O-O Nge7 11. Na3 d5 12. Bf4 O-O 13. Rad1 Bg4 14. Nc2 Rad8 15. Rfe1 Rfe8 16. h3 Bh5 17. g4 Bg6 18. Bd3 Bxd3 19. Rxd3 Ng6 20. Rxe8+ Rxe8 21. Bg3 {½-½ Genser,H (2160)-Wohlfahrt,H (2282) Donau op-A 08th 1999 (4)}) 7. Bb5+ $146 ({RR} 7. Bg5 f6 8. exf6 gxf6 9. Qd5 Nxc4 10. Qxc4 fxg5 11. O-O Bg4 12. Nd4 Qf6 13. Nd2 O-O-O 14. a4 Bxd4 15. cxd4 Ne7 16. Rfc1 c6 17. Qc3 Kb8 18. Nc4 Bc8 19. h3 Qe6 20. Qg3 Ka8 21. Nd2 Rhg8 {0-1 Koch,G (1380)-Mook,K (1570) Karl Mala Memorial op-B 17th 2014 (5)}) ({RR} 7. Qa4+ Bd7 8. Bb5 c6 9. Bc4 Qc7 10. exd6 Qxd6 11. Nbd2 O-O-O 12. b4 c5 13. Bb5 Nc6 14. Nc4 Qg6 15. Nxb6+ axb6 16. Qa8+ Kc7 17. Bf4+ Qd6 18. Bxd6+ Kxd6 19. bxc5+ Kc7 20. cxb6+ Kxb6 21. Qa4 Nge7 {1-0 Dos Santos,P (1689)-De Oliveira,L (1453) Rio Branco Acre op 3rd 2018 (2)}) ({RR} 7. Be2 Qe7 8. Bg5 f6 9. exf6 gxf6 10. Bh4 Qxe4 11. O-O Bd7 12. b4 Nc6 13. Ba6 Ne5 14. Re1 Qf4 15. Bg3 Qf5 16. Bxb7 Rb8 17. Be4 Qe6 18. Nd4 Qf7 19. f4 Ng6 20. Bxg6+ {1-0 Majek,K (1377)-Szopa,A (1145) Warsaw YMCA Spring-D 185th 2017 (5)}) 7... c6 8. Be2 d5 9. b4 Nc4 10. Bxc4 dxc4 11. Qxd8+ Bxd8 12. Nbd2 b5 13. Nd4 Ne7 14. f4 Bb6 15. a4 Bxd4 16. cxd4 f5 17. exf6 gxf6 18. f5 Bd7 19. a5 Rg8 20. Rg1 Rg4 21. h3 Rg3 22. Nf3 Kf7 23. Bf4 Rg7 24. g4 Re8 25. Kf2 h5 26. g5 Nxf5 27. exf5 Bxf5 28. gxf6 Rxg1 29. Rxg1 Rg8 30. Ne5+ Kf8 31. Bh6+ 1-0

[Event "45th FIDE Chess Olympiad Open"]
[Site "Budapest, Hungary"]
[Date "2024.09.12"]
[Round "2"]
[White "Pg, Md Omar Ak Hafizon"]
[Black "Murphy, Jones"]
[Result "1/2-1/2"]
[WhiteElo "2159"]
[BlackElo "2021"]
[PlyCount "72"]
[EventDate "2024.??.??"]
[WhiteTeam "Brunei Darussalam"]
[BlackTeam "Dominica"]
[WhiteClock "0:19:13"]
[BlackClock "0:28:29"]

1. e4 e5 2. Nf3 Nc6 3. Nc3 Nf6 4. d4 exd4 5. Nxd4 Bb4 6. Nxc6 bxc6 7. Bd3 d5 8. exd5 cxd5 9. O-O c6 10. h3 O-O 11. Qf3 ({RR} 11. Bf4 Re8 12. Qf3 h6 13. Rad1 Bb7 14. Na4 c5 15. c3 c4 16. cxb4 cxd3 17. Nc5 Bc6 18. Qxd3 Qb6 19. Qd4 a5 20. bxa5 Rxa5 21. b4 Rxa2 22. Bxh6 Bb5 23. Rfe1 gxh6 24. Rxe8+ Bxe8 25. Rd3 Qd6 {0-1 Zacarias,M (2222)-Baltabaev,T (2295) Titled Tue 2nd Jul Late 2024 (9)}) 11... Be6 12. Bf4 ({RR} 12. Ne2 Re8 13. Nd4 Bd7 14. c3 Bf8 15. Bg5 h6 16. Bxf6 Qxf6 17. Qxf6 gxf6 18. Rfd1 Rab8 19. b4 c5 20. bxc5 Bxc5 21. Rab1 Rxb1 22. Rxb1 Bb6 23. Kf1 Kf8 24. Bb5 Bxb5+ 25. Rxb5 Bxd4 26. cxd4 Rc8 {½-½ Paravyan,D (2620)-Dubov,D (2702) Chess.com Rapid Wk20 KO 2022 (1.1)}) 12... Bd6 13. Rad1 $146 ({RR} 13. Ne2 Rb8 14. b3 c5 15. Rad1 Re8 16. Rfe1 d4 17. c4 Bc8 18. Bxd6 Qxd6 19. Qf4 Re5 20. Qd2 Bb7 21. Ng3 Rbe8 22. a3 Qc6 23. Bf1 h5 24. Rxe5 Rxe5 25. b4 h4 26. Qf4 Re8 27. Qxh4 Qa4 {1-0 Donskov,A (2308)-Krestin,D (2107) Chigorin Memorial 25th 2017 (6)}) 13... Bxf4 14. Qxf4 Qb8 15. Qxb8 Raxb8 16. Na4 c5 17. Nxc5 Rxb2 18. a4 Rc8 19. Nb3 Nd7 20. f4 Nc5 21. Nxc5 Rxc5 22. Rb1 Rxb1 23. Rxb1 g6 24. g4 Bd7 25. Rb4 Ra5 26. Bb5 Bxb5 27. axb5 Ra2 28. Rd4 Rxc2 29. Rxd5 Rb2 30. f5 Kg7 31. g5 gxf5 32. Rxf5 Kg6 33. Rf6+ Kxg5 34. Rxf7 h5 35. Rxa7 Rxb5 36. Ra4 Rb2 1/2-1/2

[Event "45th FIDE Chess Olympiad Open"]
[Site "Budapest, Hungary"]
[Date "2024.09.12"]
[Round "2"]
[White "Bridet, Robert"]
[Black "Yee, Soon Wei"]
[Result "0-1"]
[WhiteElo "1697"]
[BlackElo "2219"]
[PlyCount "28"]
[EventDate "2024.??.??"]
[WhiteTeam "Dominica"]
[BlackTeam "Brunei Darussalam"]
[WhiteClock "0:53:46"]
[BlackClock "1:17:00"]

1. e4 e5 2. Nf3 Nc6 3. Bc4 Bc5 4. O-O Nf6 5. Nc3 d6 6. d3 Bg4 7. a3 ({RR} 7. h4 Nd4 8. Be3 Nxf3+ 9. gxf3 Bh3 10. Re1 Nh5 11. Bg5 f6 12. Be3 Bxe3 13. fxe3 f5 14. Qd2 Qxh4 15. Qh2 f4 16. Nd5 O-O-O 17. exf4 exf4 18. a4 Rde8 19. d4 g5 20. Qf2 Ng3 21. Qh2 Rhf8 {0-1 Liang,C (2535)-Muhammad,S (2377) Internet Section 07B g/8'+2" blitz 2004 (8)}) 7... Nd4 ({RR} 7... Qe7 8. b4 Bb6 9. Re1 h6 10. Bb2 O-O-O 11. Nd5 Nxd5 12. Bxd5 Qf6 13. h3 Bd7 14. c4 Qg6 15. Kf1 Qf6 16. Rc1 h5 17. c5 dxc5 18. bxc5 Ba5 19. Bc3 Bxc3 20. Rxc3 g5 21. Qd2 g4 22. Qg5 {1-0 Piatt,A (1055)-Patel,D (785) 4NCL Online U1100 op 6th 2021 (4)}) 8. Bg5 c6 $146 ({RR} 8... Nxf3+ 9. gxf3 Bh3 10. Re1 h6 11. Bh4 g5 12. Bg3 h5 13. Qd2 h4 14. Qxg5 hxg3 15. Qxg3 Rg8 16. Qxg8+ Nxg8 17. Kh1 Qe7 18. Nd5 Qd7 19. Rg1 O-O-O 20. Rxg8 Rxg8 21. Nf6 Qd8 22. Nxg8 Qxg8 23. Rg1 {0-1 Martins,A-Novais,C POR-ch U10 Armacao de Pera 2000 (4)}) 9. Nb1 Nxf3+ 10. gxf3 Bh3 11. Re1 h6 12. Be3 Nh5 13. Qd2 Qf6 14. b4 Qxf3 0-1

[Event "45th FIDE Chess Olympiad Open"]
[Site "Budapest, Hungary"]
[Date "2024.09.12"]
[Round "2"]
[White "Lim Teck Guan, Rodney"]
[Black "Thomas, Larry"]
[Result "1-0"]
[WhiteElo "1931"]
[BlackElo "1686"]
[PlyCount "67"]
[EventDate "2024.??.??"]
[WhiteTeam "Brunei Darussalam"]
[BlackTeam "Dominica"]
[WhiteClock "0:41:09"]
[BlackClock "0:11:54"]

1. d4 d5 2. c4 Nf6 3. cxd5 Nxd5 4. e4 Nb6 5. Nf3 e6 6. Be2 Be7 7. O-O O-O 8. Nc3 c6 9. a4 $146 ({RR} 9. Qc2 N8d7 10. Bf4 Re8 11. Rab1 Nf8 12. b4 Ng6 13. Bg3 Bf8 14. a4 Nd7 15. Rfd1 Qe7 16. Ne1 Rd8 17. Nd3 Nf6 18. Nc5 b6 19. Na6 Bxa6 20. Bxa6 e5 21. d5 cxd5 22. Nxd5 Nxd5 23. exd5 Nf4 {1-0 Oney,F (2020)-Da Luz,M Olympiad Women-29 1990 (14)}) ({RR} 9. Bf4 N8d7 10. Rc1 Nf6 11. a3 h6 12. Qb3 Nbd7 13. Rfd1 Qb6 14. Qxb6 Nxb6 15. Ne5 Bd6 16. Nd3 Bxf4 17. Nxf4 e5 18. dxe5 Ng4 19. e6 Ne5 20. exf7+ Rxf7 21. Rd8+ Rf8 22. Rcd1 Bd7 23. Rxa8 Nxa8 {½-½ Bekker,G (1807)-Lamata,T New Caledonia-ch 2011 (7)}) ({RR} 9. Bf4 a5 10. Rc1 Re8 11. Qd2 N8d7 12. d5 exd5 13. exd5 c5 14. Nb5 Rf8 15. Rfd1 h6 16. Qc2 g5 17. Bc7 Qe8 18. Nd6 Bxd6 19. Bxd6 Kg7 20. Bxf8+ Qxf8 21. Bb5 Qd6 22. Bxd7 Nxd7 23. Qc3+ f6 {0-1 Fleischer,E (1966)-Skreblin,S Zuerich Seniors op 4th 2006}) 9... a5 10. Be3 N6d7 11. Qd2 b6 12. Rfd1 Ba6 13. d5 Bxe2 14. Nxe2 exd5 15. exd5 Nc5 16. d6 Bf6 17. Bxc5 bxc5 18. Nc3 Nd7 19. Ne4 Re8 20. Nxf6+ Qxf6 21. Re1 Kf8 22. h3 h6 23. Rac1 Re6 24. Rxe6 Qxe6 25. Rc3 Qd5 26. Rd3 Qe6 27. Qc3 Kg8 28. b3 Kf8 29. Kf1 Qe4 30. Nd2 Qb4 31. Nc4 f6 32. Re3 Re8 33. Rxe8+ Kxe8 34. Qe3+ 1-0

[Event "45th FIDE Chess Olympiad Open"]
[Site "Budapest, Hungary"]
[Date "2024.09.12"]
[Round "2"]
[White "Francis, Nigel"]
[Black "Akmal, Ahmad"]
[Result "1-0"]
[WhiteElo "1775"]
[BlackElo "1830"]
[PlyCount "65"]
[EventDate "2024.??.??"]
[WhiteTeam "Dominica"]
[BlackTeam "Brunei Darussalam"]
[WhiteClock "0:07:29"]
[BlackClock "0:04:18"]

1. e4 c5 2. Nf3 e6 3. d4 cxd4 4. Nxd4 Nc6 5. Be3 Qc7 6. Nc3 a6 7. a3 Nf6 8. Be2 Be7 9. O-O O-O 10. f4 d6 11. Nb3 b5 ({RR} 11... Re8 12. Bf3 Bf8 13. Qd2 Rb8 14. Rad1 Nd7 15. Qf2 b6 16. h4 Na5 17. Nd2 b5 18. h5 h6 19. Be2 b4 20. axb4 Rxb4 21. Rb1 Nf6 22. Bf3 Nc6 23. Ne2 a5 24. c3 Rb8 25. g4 Nd7 26. g5 {0-1 Jobava,B (2603)-Chigaev,M (2631) Titled Tuesday intern op 23rd Mar blitz 2021 (9)}) 12. Qd2 ({RR} 12. g4 Bb7 13. g5 Nd7 14. Bd3 b4 15. axb4 Nxb4 16. Qh5 Rfe8 17. Rf3 g6 18. Qh6 Bf8 19. Qh4 Bg7 20. Raf1 Nf8 21. Rh3 Nxd3 22. cxd3 a5 23. Nd1 Qc2 24. Nd4 Qxd3 25. Nf2 Qc4 26. Rc1 Qb4 {0-1 Damjanovic,S (2113)-Stevic,H (2531) 22nd Premier League BIH 2024 (6.2)}) 12... Bb7 13. Bf3 Rac8 $146 ({RR} 13... Rfd8 14. Qf2 Nd7 15. Rfd1 Rac8 16. Rd3 Na5 17. Nxa5 Qxa5 18. Rad1 b4 19. Na2 bxa3 20. Rxa3 Qc7 21. Rc3 Qb8 22. Rxc8 Rxc8 23. Bd4 e5 24. fxe5 Nxe5 25. Bxe5 dxe5 26. Kh1 Rd8 27. Qe2 Rxd1+ 28. Qxd1 {½-½ Georgiev,N (1585)-Ruschukov,B (1828) Sofia MGU op 183rd 2017 (1)}) 14. Rac1 Nd7 15. Rfd1 Nb6 16. Be2 Nc4 17. Bxc4 bxc4 18. Nd4 Qa5 19. Nxc6 Bxc6 20. Nd5 Qd8 21. Nxe7+ Qxe7 22. Qxd6 Qh4 23. Qe5 Rfe8 24. Rd4 f6 25. Qa5 e5 26. Rxc4 exf4 27. Bf2 Qg4 28. h3 Qe2 29. Qc3 Bb7 30. Rxc8 Rxc8 31. Qb3+ Rc4 32. Qxb7 Rxc2 33. Qb3+ 1-0

[Event "45th FIDE Chess Olympiad Open"]
[Site "Budapest, Hungary"]
[Date "2024.09.12"]
[Round "2"]
[White "Sihlongonyane, Sikhanyiso"]
[Black "Mfune, Petros"]
[Result "1/2-1/2"]
[WhiteElo "1813"]
[BlackElo "1986"]
[PlyCount "81"]
[EventDate "2024.??.??"]
[WhiteTeam "Eswatini"]
[BlackTeam "Malawi"]
[BlackTeamCountry "MWI"]
[WhiteClock "0:04:52"]
[BlackClock "0:13:44"]

1. e4 d5 2. exd5 Nf6 3. d4 Nxd5 4. h3 e6 ({RR} 4... Bf5 5. Nf3 e6 6. Bc4 Be7 7. O-O O-O 8. Re1 c6 9. Nc3 Nd7 10. Ne4 Qc7 11. Bb3 Rfd8 12. Ng3 Bg6 13. c4 Nb4 14. Qe2 Nd3 15. Rd1 Nxc1 16. Raxc1 Rac8 17. h4 h6 18. h5 Bh7 19. d5 {½-½ Sochagin,A (2280)-Sivokho,S (2436) St Petersburg CC-ch 2000 (2)}) 5. Nf3 c5 6. c3 cxd4 7. cxd4 $146 ({RR} 7. Nxd4 Bc5 8. Bc4 O-O 9. O-O Nb6 10. Bd3 Bxd4 11. cxd4 Nc6 12. Be3 f5 13. Bb5 Bd7 14. Bxc6 Bxc6 15. f3 Nc4 16. Bf2 Qf6 17. b3 Nb6 18. Nc3 Rad8 19. Qc2 Qg5 20. Kh1 Rf6 21. Qc1 Qh5 {0-1 Wu,X-Zhou,L (1385) Chinese Youth G20 2024 (4.10)}) 7... Bb4+ 8. Bd2 Nc6 9. Nc3 Nf6 10. a3 Ba5 11. Bb5 O-O 12. Bxc6 bxc6 13. O-O Bc7 14. Re1 Rb8 15. b4 a5 16. Na4 Ba6 17. Qc2 axb4 18. axb4 Bb5 19. Nc5 Qd5 20. Na6 Bxa6 21. Rxa6 Rb6 22. Ra5 Qd7 23. Rc5 Nd5 24. Rc1 Rc8 25. Ne5 Bxe5 26. dxe5 Ne7 27. Be1 h6 28. Rd1 Nd5 29. Rc1 Qb7 30. g3 Rc7 31. b5 Rxb5 32. Rxc6 Rxc6 33. Qxc6 Qxc6 34. Rxc6 Rb1 35. Kf1 Kf8 36. Ke2 Ke7 37. h4 Kd7 38. Rd6+ Ke7 39. Rc6 Kd7 40. Rd6+ Ke7 41. Rc6 1/2-1/2

[Event "45th FIDE Chess Olympiad Open"]
[Site "Budapest, Hungary"]
[Date "2024.09.12"]
[Round "2"]
[White "Mwale, Joseph"]
[Black "Dlamini Simphiwe"]
[Result "1-0"]
[WhiteElo "2063"]
[BlackElo "1747"]
[PlyCount "41"]
[EventDate "2024.??.??"]
[WhiteTeam "Malawi"]
[BlackTeam "Eswatini"]
[WhiteTeamCountry "MWI"]
[WhiteClock "1:25:20"]
[BlackClock "0:23:27"]

1. e4 e5 2. Nf3 Nc6 3. Bc4 Nf6 4. d4 Nxe4 5. dxe5 Nc5 6. O-O Be7 7. Nc3 O-O 8. Nd5 h6 ({RR} 8... b6 9. Re1 Bb7 10. Nxe7+ Nxe7 11. Bg5 Ne6 12. Bh4 Qe8 13. Bd3 h6 14. c3 a5 15. Bc2 a4 16. Qd3 Ng6 17. Bg3 Nc5 18. Qe2 Qe6 19. Nd4 Qd5 20. f4 Rae8 21. Qf2 Ne7 22. b3 axb3 23. axb3 {1-0 Kosteniuk,A (2521)-Madaminov,M (2442) Titled Tue 1st Nov Early 2022 (9)}) ({RR} 8... Ne6 9. Re1 d6 10. Nxe7+ Nxe7 11. exd6 cxd6 12. Ng5 d5 13. Bd3 Ng6 14. Qh5 Nxg5 15. Bxg5 Qd6 16. Be7 {1-0 Liu,C (2241)-Risteski,E (2366) Titled Tue 25th Apr Early 2023 (8)}) 9. Be3 Ne6 10. Qd2 $146 ({RR} 10. Nxe7+ Qxe7 11. c3 Rd8 12. Qc2 d6 13. exd6 Rxd6 14. Rfe1 Qf8 15. Rad1 Bd7 16. Bxe6 Bxe6 17. Bc5 Rxd1 18. Bxf8 Rxe1+ 19. Nxe1 Rxf8 20. b3 Rd8 21. h3 Ne7 22. Nf3 b6 23. Nd4 Bc8 24. Qe2 Kf8 {1-0 Bivol,A (2374)-Semenova,E (2246) Speed Chess (Women) Q7 blitz 2021 (2)}) 10... d6 11. exd6 Bxd6 12. Bxh6 Ne5 13. Nxe5 Bxe5 14. f4 Bd4+ 15. Kh1 Qh4 16. Bg5 Nxg5 17. fxg5 Be5 18. Ne7+ Kh8 19. Ng6+ fxg6 20. Rxf8+ Kh7 21. Rh8+ 1-0

[Event "45th FIDE Chess Olympiad Open"]
[Site "Budapest, Hungary"]
[Date "2024.09.12"]
[Round "2"]
[White "Mbongeni, Mabuza"]
[Black "Chipanga, Chiletso"]
[Result "1/2-1/2"]
[WhiteElo "1784"]
[BlackElo "2089"]
[PlyCount "128"]
[EventDate "2024.??.??"]
[WhiteTeam "Eswatini"]
[BlackTeam "Malawi"]
[BlackTeamCountry "MWI"]
[WhiteClock "0:01:28"]
[BlackClock "1:02:11"]

1. d4 {Huebner,Robert} d5 2. Nf3 Nf6 3. g3 Bf5 4. Bg2 e6 5. O-O Be7 6. c4 c6 7. Ne5 ({RR} 7. b3 Nbd7 8. Ba3 Bxa3 9. Nxa3 h6 10. b4 ({RR} 10. Nb1) 10... O-O 11. Qb3 a6 12. Nc2 ({RR} 12. Rac1) 12... dxc4 13. Qxc4 Nb6 14. Qb3 Qd5 15. Qb1 ({RR} 15. Ne3 Qxb3 16. axb3 Nbd5 ({RR} 16... Be4 17. Nc4 Nbd5 18. Nd6) 17. Nxf5 exf5 18. e3 Nxb4 19. Ne5) 15... Qe4 16. Na3 Qxe2 17. Qc1 Ne4 18. Nh4 Nd5 19. Nc4 Bh7 20. a3 Nec3 21. Na5 Qb5 {0-1 Koneru,H (2539)-Kuzmin,A (2568) Goodricke op 13th 2002 (2)}) 7... Nbd7 8. f4 $146 ({RR} 8. Nxd7 Qxd7 9. b3 O-O 10. Bb2 Rfd8 11. Nd2 Qc7 12. Qc1 h6 13. Qc3 Rd7 14. Rac1 Re8 15. f3 e5 16. e3 exd4 17. exd4 c5 18. Nb1 cxd4 19. Qd2 d3 20. Kh1 Bc5 21. cxd5 Nxd5 22. Bd4 Bxd4 {0-1 Kos,K-Wallner,J (2240) Karl Wagner Memorial 5th 1998 (1.38)}) ({RR} 8. Nc3 O-O 9. Nxd7 Qxd7 10. f3 Rad8 11. cxd5 exd5 12. Be3 Rfe8 13. Bf2 Bf8 14. Re1 h6 15. e4 dxe4 16. fxe4 Be6 17. Bf3 Bg4 18. e5 Bxf3 19. Qxf3 Nd5 20. Rad1 Bb4 21. Re4 Re6 22. Ree1 Rde8 {0-1 Krauchi Romero,M (1391)-Prieto Rol,E (1140) ESP-ch U12 Rapid 2022 (1)}) ({RR} 8. Nxd7 Qxd7 9. Qb3 O-O 10. Rd1 b5 11. c5 a5 12. Bg5 a4 13. Qc3 Rfb8 14. Nd2 h6 15. Bxf6 Bxf6 16. Nf3 Qc7 17. Ne5 b4 18. Qe3 Bxe5 19. dxe5 Ra5 20. Rac1 Qa7 21. Qd4 b3 22. e4 dxe4 {1-0 Mittelberger,P (2234)-Gaertner,G (2253) AUT-chT2W 1415 2014 (2.3)}) 8... h5 9. cxd5 exd5 10. h3 Ne4 11. Kh2 f6 12. Nxd7 Qxd7 13. Nc3 O-O-O 14. Nxe4 dxe4 15. Be3 Kb8 16. Qa4 Qd5 17. b4 Qb5 18. Qxb5 cxb5 19. a3 Rc8 20. Rfc1 Rc4 21. Rxc4 bxc4 22. Bd2 Rc8 23. Bc3 e3 24. Bf3 Bd6 25. Kg2 h4 26. g4 Bd7 27. f5 b5 28. Be4 Re8 29. Kf3 Bg3 30. Rd1 Kc7 31. Kxe3 g6 32. Kf3 gxf5 33. Bxf5 Bxf5 34. gxf5 Rg8 35. Rg1 Kd6 36. e4 Rc8 37. Rd1 Rg8 38. Rg1 Rc8 39. Rg2 Rc7 40. Re2 Rf7 41. e5+ Kd5 42. e6 Re7 43. Re4 Bd6 44. Rxh4 a5 45. Ke3 axb4 46. Bxb4 Ra7 47. Rh8 Bxb4 48. axb4 Ra3+ 49. Kd2 Ra2+ 50. Kc3 Ra3+ 51. Kb2 Ra7 52. Rd8+ Ke4 53. Rd7 Ra8 54. e7 Kd3 55. Rd8 c3+ 56. Kb3 c2 57. e8=Q c1=Q 58. Qxb5+ Kd2 59. Rxa8 Qc2+ 60. Ka3 Qc3+ 61. Ka4 Qa1+ 62. Kb3 Qc3+ 63. Ka2 Qc2+ 64. Ka3 Qc3+ 1/2-1/2

[Event "45th FIDE Chess Olympiad Open"]
[Site "Budapest, Hungary"]
[Date "2024.09.12"]
[Round "2"]
[White "Mwale, George"]
[Black "Nxumalo, Vuyo"]
[Result "1-0"]
[WhiteElo "2056"]
[BlackElo "1746"]
[PlyCount "83"]
[EventDate "2024.??.??"]
[WhiteTeam "Malawi"]
[BlackTeam "Eswatini"]
[WhiteTeamCountry "MWI"]
[WhiteClock "0:43:46"]
[BlackClock "0:11:13"]

1. e4 {Schulz,Andre} e5 2. Nf3 Nc6 3. Bc4 Bc5 4. c3 Nf6 5. d3 h6 6. O-O O-O 7. d4 Bb6 8. d5 ({RR} 8. dxe5 Nxe4 9. Bd5 Nxf2 ({RR} 9... Nc5 10. Bf4 Ne7 11. Bc4 Ne6 12. Bc1 d5 13. exd6 cxd6 14. Na3 d5 15. Be2 Ng6 16. Nc2 Nef4 17. Nfd4 Nxe2+ 18. Qxe2 Re8 19. Qf3 Ne5 20. Qg3 Kh8 21. Bf4 Nc6 22. Nb5 Qf6 23. Be3 Ba5 24. Nc7) 10. Rxf2 d6 11. exd6 Qxd6 12. Bb3 Bxf2+ 13. Kxf2 Qf6 14. Qd2 g5 15. Kg1 Bg4 16. Qf2 Rfe8 17. Be3 ({RR} 17. Nbd2) 17... Bxf3 18. Nd2 Rxe3 ({RR} 18... Qe5 19. Nc4 Qf5 20. gxf3 b5 21. Nd2) 19. Qxe3 Bh5 20. Qh3 Be2 21. Re1 Re8 22. Bc4 Qd8 {½-½ So,W (2771)-Aronian,L (2792) Sinquefield Cup 4th 2016 (3)} {RR} 23. Bxf7+ Kxf7 24. Rxe2 Rxe2 25. Qh5+) ({RR} 8. dxe5 Nxe4 9. Bd5 Nxf2 10. Rxf2 d6 11. Bxc6 bxc6 12. exd6 Bxf2+ 13. Kxf2 cxd6 14. Be3 Re8 15. Qd3 Qf6 16. Nbd2 c5 17. Re1 Bf5 18. Qa6 Rab8 19. b3 Re6 20. Qxa7 Rbe8 21. Qa5 Qe7 22. Nf1 Bd3 {0-1 Remizov,Y (2432)-Smirnov,P (2483) Magnezit Group Cup 2024 (4.4)}) 8... Ne7 9. Bd3 d6 10. h3 Ng6 $146 ({RR} 10... Nh7 11. c4 f5 12. exf5 Bxf5 13. Nc3 c6 14. Bxf5 Nxf5 15. Ne4 Nf6 16. Qd3 Nxe4 17. Qxe4 Ng3 18. Qg4 Nxf1 19. Bxh6 Qf6 20. Bg5 Qf5 21. Rxf1 e4 22. Nh2 Bxf2+ 23. Kh1 Qxg4 24. Nxg4 Bg3 25. Rd1 {0-1 Tran,T (1915)-Nguyen,T (1800) VIE-ch (Women) 2018 (5)}) 11. c4 Nh5 12. Nc3 Nhf4 13. Bc2 a6 14. Kh2 Qf6 15. Ng1 Ne7 16. g3 Nfg6 17. Qe2 Nh8 18. f4 exf4 19. gxf4 Nhg6 20. Be3 Bxe3 21. Qxe3 Re8 22. Qg3 Bd7 23. Rae1 Qh4 24. Qxh4 Nxh4 25. f5 g5 26. Kg3 f6 27. Nge2 Nc8 28. Nd4 Re7 29. Ne6 Bxe6 30. dxe6 Na7 31. Nd5 Kf8 32. Nxf6 c6 33. Rd1 Rd8 34. e5 Nc8 35. Nd7+ Rexd7 36. exd7 Rxd7 37. e6 Rd8 38. f6 Re8 39. Rde1 b5 40. e7+ Kf7 41. Bd1 Nxe7 42. fxe7+ 1-0

[Event "45th FIDE Chess Olympiad Open"]
[Site "Budapest, Hungary"]
[Date "2024.09.12"]
[Round "2"]
[White "Van Bemmelen, Ursus"]
[Black "Moncur, Cecil"]
[Result "1-0"]
[WhiteElo "2146"]
[BlackElo "1839"]
[PlyCount "79"]
[EventDate "2024.??.??"]
[WhiteTeam "Netherlands Antilles"]
[BlackTeam "Bahamas"]
[WhiteTeamCountry "AHO"]
[BlackTeamCountry "BAH"]
[WhiteClock "0:04:47"]
[BlackClock "0:16:00"]

1. d4 g6 2. c4 Bg7 3. Nf3 d6 4. h3 Nc6 ({RR} 4... e5 5. Bg5 f6 6. Bh4 Ne7 7. dxe5 dxe5 8. Qxd8+ Kxd8 9. Nc3 Nf5 10. O-O-O+ Nd7 11. Nxe5 Nxh4 12. Nf7+ Ke7 13. Nxh8 Bxh8 14. Nd5+ Kd8 15. Ne3 Ke7 16. Rd4 Nf5 17. Nxf5+ gxf5 18. Rh4 Nf8 19. e3 {½-½ Rakhmanov,A (2588)-Andreikin,D (2659) RUS-ch Higher League 62nd 2009 (5)}) ({RR} 4... Nd7 5. Nc3 e5 6. e4 Nh6 7. Be2 O-O 8. O-O c6 9. Re1 f6 10. Be3 Nf7 11. Qc2 Qe7 12. Rad1 Nh6 13. b4 f5 14. Bg5 Nf6 15. c5 fxe4 16. cxd6 Qd7 17. dxe5 exf3 18. Bxf3 Qf5 19. Qxf5 {1-0 Daniel,D (2184)-Kryvenko,D (1972) Adolf Anderssen Mem 2024 (5.27)}) 5. Bg5 Nf6 $146 ({RR} 5... f6 6. Bh4 Nh6 7. d5 Ne5 8. Nxe5 dxe5 9. e4 O-O 10. f3 Qd6 11. Nc3 g5 12. Bf2 f5 13. c5 Qf6 14. Qd2 c6 15. Bc4 Kh8 16. O-O-O Nf7 17. g4 fxg4 18. fxg4 b5 19. Bb3 b4 20. Na4 {1-0 Lukasiewicz,G (2320)-Van Steenis,J Val Thorens op 1990 (9)}) 6. Nc3 O-O 7. e3 Re8 8. Be2 Nd7 9. O-O h6 10. Bh4 g5 11. Bg3 e5 12. dxe5 Ndxe5 13. Qc2 Be6 14. Nd5 f5 15. Rad1 Qd7 16. b4 Nxf3+ 17. Bxf3 Ne5 18. Bh5 Bf7 19. Bxf7+ Qxf7 20. f4 Nxc4 21. Qxc4 c6 22. fxg5 cxd5 23. Rxd5 Be5 24. g6 Qe6 25. Bxe5 dxe5 26. Rxf5 Rac8 27. Qd3 Rc3 28. Rfxe5 Rxd3 29. Rxe6 Rxe3 30. Rxe8+ Rxe8 31. Rd7 Re2 32. a4 Rb2 33. Rxb7 a5 34. b5 Rb4 35. Ra7 Rxa4 36. b6 Rb4 37. b7 a4 38. Ra8+ Kg7 39. b8=Q Rxb8 40. Rxb8 1-0

[Event "45th FIDE Chess Olympiad Open"]
[Site "Budapest, Hungary"]
[Date "2024.09.12"]
[Round "2"]
[White "Ferguson, Joseph"]
[Black "Capella, Rurik"]
[Result "1/2-1/2"]
[WhiteElo "1797"]
[BlackElo "1971"]
[PlyCount "90"]
[EventDate "2024.??.??"]
[WhiteTeam "Bahamas"]
[BlackTeam "Netherlands Antilles"]
[WhiteTeamCountry "BAH"]
[BlackTeamCountry "AHO"]
[WhiteClock "0:04:58"]
[BlackClock "0:28:27"]

1. f4 Nh6 2. e4 d5 3. e5 Bg4 4. Nf3 ({RR} 4. Be2 Bxe2 5. Qxe2 Qd7 6. d4 Nf5 7. Nf3 e6 8. g4 Ne7 9. Rg1 h5 10. h3 hxg4 11. hxg4 c5 12. Be3 cxd4 13. Nxd4 Nbc6 14. Nd2 Nxd4 15. Bxd4 Nc6 16. c3 Nxd4 17. cxd4 Rc8 18. Nf3 Rc4 {0-1 Hoffmann,A (2029)-Gschnitzer,A (2409) Baden-Baden Faschingsopen 2024 (3.8)}) 4... e6 5. Be2 Bc5 $146 ({RR} 5... Nf5 6. c3 c5 7. O-O Be7 8. Na3 Nc6 9. d3 O-O 10. Nc2 d4 11. c4 a6 12. h3 Bxf3 13. Bxf3 Qc7 14. Bd2 Rfd8 15. g4 Nh4 16. Be4 f5 17. exf6 Nf5 18. fxe7 {1-0 Vachier Lagrave,M (2778)-Tsvetkov,A (2358) Titled Tuesday intern op 22nd Sept blitz 2020 (2)}) 6. d4 Bb6 7. Ng5 Bxe2 8. Qxe2 Bxd4 9. Be3 Bxe3 10. Qxe3 Nf5 11. Qa3 Nd7 12. Nd2 Nxe5 13. Nxe6 fxe6 14. fxe5 Qh4+ 15. g3 Qe7 16. Qxe7+ Kxe7 17. O-O-O Rhf8 18. Nb3 b6 19. c3 c5 20. a4 Ne3 21. Rde1 Nc4 22. Re2 Rf5 23. Rhe1 Raf8 24. Nd2 Nxd2 25. Kxd2 Kd7 26. b4 cxb4 27. cxb4 Rf2 28. b5 Rxe2+ 29. Rxe2 Rc8 30. Rf2 Ke7 31. Rf4 Rc5 32. Rd4 Kf7 33. Rf4+ Ke7 34. Rd4 Rc8 35. Rf4 Ra8 36. Kc3 Rc8+ 37. Kd2 a6 38. bxa6 Ra8 39. Kc3 Rxa6 40. Kb4 Ra5 41. Rd4 Kf7 42. Rf4+ Ke7 43. Rd4 Rc5 44. h4 Kf7 45. h5 h6 1/2-1/2